Roman Months - Statistics

General Stats
  • This quiz has been taken 11 times
  • The average score is 11 of 13
Answer Stats
Modern day equivalent Month % Correct
December December
100%
March Martius
100%
November November
100%
October October
100%
February Februarius
88%
June Iunius
88%
July Quintilis/Iulius
88%
September September
88%
August Sextilis/Augustus
88%
January Ianuarius
75%
May Maius
75%
April Aprilis
50%
Intercalary Month Mercedonius/Intercalaris
50%
No matching quizzes found
Score Distribution
Percent of People with Each Score
Percentile by Number Answered
Your Score History
You have not taken this quiz